书目信息 |
| 题名: |
岩土工程问题的反演论与工程实践
|
|
| 作者: | 杨林德 著 | |
| 分册: | ||
| 出版信息: | 北京 科学出版社 1996.04 |
|
| 页数: | 446页 | |
| 开本: | 32开 | |
| 丛书名: | ||
| 单 册: | ||
| 中图分类: | TU45 | |
| 科图分类: | ||
| 主题词: | 岩石力学 , 岩体力学 , 岩石试验 | |
| 电子资源: | ||
| ISBN: | 7-03-004776-1 | |
| 000 | 00640nam0 2200217 45 | |
| 001 | 0008031071 | |
| 005 | 20000803101235.1 | |
| 010 | @a7-03-004776-1@d31.00元 | |
| 100 | @a20000803d1996 km y0chiy0120 ea | |
| 101 | 0 | @achi |
| 105 | @a z 000yy | |
| 200 | 1 | @a岩土工程问题的反演论与工程实践@AYan Tu Gong Cheng Wen Ti De Fan Yan Lun Yu Gong Cheng Shi Jian@f杨林德等著@FYang Lin De Deng Zhu |
| 210 | @a北京@c科学出版社@d1996.04 | |
| 215 | @a446页@d32开 | |
| 606 | 0 | @a岩石力学 |
| 606 | 0 | @a岩体力学 |
| 606 | 0 | @a岩石试验 |
| 690 | @aTU45@v3 | |
| 701 | 0 | @a杨林德@4著 |
| 801 | @aCN@bPftUser@c20000803 | |
| 905 | @b88155-159@dTU45@eY141@f5 | |
| 岩土工程问题的反演论与工程实践/杨林德等著.-北京:科学出版社,1996.04 |
| 446页;32开 |
| ISBN 7-03-004776-1:31.00元 |
| ● |
| 相关链接 |
|
|
|
正题名:岩土工程问题的反演论与工程实践
索取号:TU45/Y141
 
预约/预借
| 序号 | 登录号 | 条形码 | 馆藏地/架位号 | 状态 | 备注 |
| 1 | 88155 | 200881554 | 土木与交通工程学院资料室/土木与交通学院资料室 1排1列1层/ [索取号:TU45/Y141] | 在馆 | |
| 2 | 88156 | 200881563 | 自科二线404/404自科库 26排1列2层/ [索取号:TU45/Y141] | 在馆 | |
| 3 | 88157 | 200881572 | 自科二线404/404自科库 28排6列1层/ [索取号:TU45/Y141] | 在馆 | |
| 4 | 88158 | 200881581 | 自科二线404/404自科库 26排1列2层/ [索取号:TU45/Y141] | 在馆 | |
| 5 | 88159 | 200881590 | 建筑库101/101建筑库 95排4列4层/ [索取号:TU45/Y141] | 在馆 |